Представление документа в формате RUSMARC

ПолеНазваниеЗначение
  Тип записи a
  Библиографический уровень c
001 Контрольный номер RU/IS/BASE/227203762
005 Дата корректировки 20241203095103.1
010 Индекс ISBN __
d Цена 3-00
101 Язык документа 0_
a Язык текста rus
c Язык оригинала rus
200 Заглавие и сведения об ответственности 1_
a Заглавие Собрание сочинений
e Сведения, относящиеся к заглавию в 5 т.
f Первые сведения об ответственности Сергей Сартаков ; [вступ. ст. А. Борщаговского]
b Общее обозначение материала Текст
i Наименование части Каменный фундамент : повесть в рассказах
i Наименование части Рассказы
i Наименование части Хребты Саянские : роман : в 3 кн. Кн. 1
h Номер части Т. 1
210 Выходные данные 1_
a Место издания М.
c Издательство Худож. лит.
d Дата издания 1978
215 Физическое описание __
a Объем 619, [3] с.
330 Аннотация __
a Аннотация В центре произведений - люди сурового сибирского края, сильные, мужественные, влюбленные в свой труд.
600 Персоналии _1
a Персоналии (Фамилия) Сартаков С. В.
g Полное имя Серегй Венедиктович
606 Тематические рубрики __
a Основная рубрика Художественная литература
z Хронологическая подрубрика 20 в.
y Географическая подрубрика Россия
606 Тематические рубрики __
a Основная рубрика Русская литература XX в. (произведения)
610 Ключевые слова 0_
a Ключевые слова повести; рассказы; романы; тема труда; тема деревни; тема крестьянства; тема революции; советская литература; тема Сибири; прозаики
686 Индексы других классификаций __
a Классификационный индекс 84(2Рос=Рус)6-4
700 Автор _1
a Фамилия Сартаков
b Имя С. В.
g Полное личное имя Сергей Венедиктович
4 Код отношения 070
702 Вторичная интеллектуальная ответственность _1
a Фамилия Борщаговский
b Имя А.
4 Код отношения Автор предисловия и т.д.
4 Код отношения 080
801 Источник записи _0
a Страна RU
b Организация Муниципальное бюджетное учреждение культуры "Централизованная библиотечная система" г. Сургут (Центральная городская библиотека им. А. С. Пушкина)
g Правила каталогизации КиК/Поспелова
801 Источник записи _1
a Страна RU
b Организация Муниципальное бюджетное учреждение культуры "Централизованная библиотечная система" г. Сургут (Центральная городская библиотека им. А. С. Пушкина)
g Правила каталогизации КиК/Поспелова
852 Данные о местонахождении __
j Шифр хранения 84(2Рос=Рус)6-4
c Каталожный индекс 84(2Рос=Рус)6-4
i Авторский знак С 20
p Инвентарный номер 136440(с); 136401(с)
901 Тип документа __
t Тип документа x
903 Характеристики (МАРС) __
a Дата передачи 20061123
969 Тип издания __
a Тип издания сборник
990 Данные о заказе (DOS) __
j Количество экземпляров (DOS) 2
t N записи в КСУ для И/У (DOS) ретро